LEADER 01022nam0-22002891i-450- 001 990006154680403321 005 19980601 035 $a000615468 035 $aFED01000615468 035 $a(Aleph)000615468FED01 035 $a000615468 100 $a19980601d1940----km-y0itay50------ba 105 $a--------00-yy 200 1 $aRecensione a Franz Lammli, Das attische Prozessverfahren in seiner Wirkung auf die Gerichtsrede$fArnaldo Biscardi. 210 $aTorino$cGiovanni Chiantore$d1940 215 $a1_5 p.$d24 cm 463 $d$1200$a"Rivista di Filologia e d'Istruzione classica". Nuova Serie - Anno XVIII (LXVIII della Raccolta) - Fascicolo II" 676 $a340.538 700 1$aBiscardi,$bArnaldo$0205114 801 0$aIT$bUNINA$gRICA$2UNIMARC 901 $aBK 912 $a990006154680403321 952 $aB.SOL.BUSTA B 172$b64375$fFGBC 959 $aFGBC 996 $aRecensione a Franz Lammli, Das attische Prozessverfahren in seiner Wirkung auf die Gerichtsrede$9645403 997 $aUNINA DB $aGIU01 LEADER 01138nam a22002651i 4500 001 991002547989707536 005 20030728141019.0 008 030925s1982 gw |||||||||||||||||ger 035 $ab12304013-39ule_inst 035 $aARCHE-035157$9ExL 040 $aBiblioteca Interfacoltà$bita$cA.t.i. Arché s.c.r.l. Pandora Sicilia s.r.l. 082 04$a610 100 1 $aDeichgräber, Karl$0186274 245 14$aDie patienten des Hippokrates :$bhistorisch-prosopographische beiträge zu den epidemien des Corpus Hippocraticum /$cKarl Deichgräber 260 $aWiesbaden :$bF. Steiner,$c1982 300 $a1 v. ;$c24 cm 440 0$aAbhandlungen der Geistes- und Sozialwissenschaflichen Klasse ;$v1982/9 650 4$aIppocrate. Epidemiorum libri 710 2 $aAkademie der Wissenschaften und der Literatur 907 $a.b12304013$b02-04-14$c08-10-03 912 $a991002547989707536 945 $aLE002 Ann. 618/009(1982)$g1$i2002000128119$lle002$o-$pE0.00$q-$rl$s- $t0$u0$v0$w0$x0$y.i12699354$z08-10-03 996 $aPatienten des Hippokrates$9163143 997 $aUNISALENTO 998 $ale002$b08-10-03$cm$da $e-$fger$ggw $h4$i1 LEADER 01498nam 2200481 450 001 9910743228103321 005 20221129213108.0 010 $a981-15-2321-5 010 $a981-15-2320-7 010 $a981-15-2321-5 035 $a(MiAaPQ)EBC6977351 035 $a(Au-PeEL)EBL6977351 035 $a(CKB)22046196100041 035 $a(PPN)269155295 035 $a(EXLCZ)9922046196100041 100 $a20221129d2022 uy 0 101 0 $aeng 135 $aurcnu|||||||| 181 $ctxt$2rdacontent 182 $cc$2rdamedia 183 $acr$2rdacarrier 200 00$aManagement of head and neck vascular lesions $ea guide for surgeons /$fSanjiv C. Nair and Srinivasa R. Chandra, editors 210 1$aSingapore :$cSpringer,$d[2022] 210 4$d©2022 215 $a1 online resource (187 pages) 311 08$aPrint version: Nair, Sanjiv C. Management of Head and Neck Vascular Lesions Singapore : Springer,c2022 9789811523205 320 $aIncludes bibliographical references. 606 $aNeck$xSurgery 606 $aHead$xSurgery 606 $aBlood-vessels$xSurgery 615 0$aNeck$xSurgery. 615 0$aHead$xSurgery. 615 0$aBlood-vessels$xSurgery. 676 $a617.53059 702 $aNair$b Sanjiv C. 702 $aChandra$b Srinivasa R. 801 0$bMiAaPQ 801 1$bMiAaPQ 801 2$bMiAaPQ 906 $aBOOK 912 $a9910743228103321 996 $aManagement of head and neck vascular lesions$93560301 997 $aUNINA